000 00306nam a22001457a 4500
003 SGT
082 _a510,PUN
100 _aPUNDIR,SUDHIR K
245 _aMATHEMATICAL METHODS
250 _a2ND
260 _aMEERUT
_bPRAGATI PRAKASHAN
_c2015
300 _a366
650 _aMATHEMATICS
942 _2ddc
_cFPS
999 _c10019
_d10019